00464 2200193 4500001002100000005001500021008004100036020002200077035001900099041000700118082001000125090001600135100002100151245001800172260001600190300002300206500001000229650003100239INLIS00000000000482320241224113002241224||||||||| | ||| |||| || |  a978-602-0832-24-1 0010-1224004823 aid0 a741.5 a741.5 NYO t0 aNyoman Sri Utami00atetangga baru busaidc2015 a20hlm.;ilus.;18 cm acet.1 0ailmu kesenian dan olahraga